000 01840nam a22003614a 4500
001 ebr10090504
003 CaPaEBR
006 m u
007 cr cn|||||||||
008 021203s2003 ne a sb 001 0deng
020 _z9004123164 (cloth : alk. paper)
040 _aCaPaEBR
_cCaPaEBR
035 _a(OCoLC)191935296
041 1 _aeng
_hdut
050 1 4 _aBS580.S55
_bM8513 2003eb
082 0 4 _a229/.4092
_221
100 1 _aMulder, Otto,
_d1946-
240 1 0 _aSimon de hogepriester in Sirach 50.
_lEnglish
245 1 0 _aSimon the High Priest in Sirach 50
_h[electronic resource] :
_ban exegetical study of the significance of Simon the High Priest as climax to the Praise of the fathers in Ben Sira's concept of the history of Israel /
_cby Otto Mulder.
260 _aLeiden ;
_aBoston :
_bBrill,
_c2003.
300 _axii, 413 p. :
_bill.
490 1 _aSupplements to the Journal for the study of Judaism ;
_vv. 78
500 _aRev. translation of the author's thesis (doctoral--Rijks Universiteit Groningen, 2000) originally titled: Simon de hogepriester in Sirach 50.
504 _aIncludes bibliographical references (p. [375]-389) and index.
533 _aElectronic reproduction.
_bPalo Alto, Calif. :
_cebrary,
_d2013.
_nAvailable via World Wide Web.
_nAccess may be limited to ebrary affiliated libraries.
600 0 0 _aSimeon,
_cthe Just.
630 0 0 _aBible.
_pO.T.
_pApocrypha.
_pEcclesiasticus XLIV-L
_xCriticism, interpretation, etc.
630 0 0 _aBible.
_pO.T.
_pApocrypha.
_pEcclesiasticus XLIV-L.
_lGreek
_xVersions
_xSeptuagint.
655 7 _aElectronic books.
_2local
710 2 _aebrary, Inc.
830 0 _aSupplements to the Journal for the study of Judaism ;
_vv. 78.
856 4 0 _uhttp://site.ebrary.com/lib/rucke/Doc?id=10090504
_zAn electronic book accessible through the World Wide Web; click to view
999 _c52986
_d52986